000 00431nam a2200169 4500
003 LK-CoMWRAF
005 20230829010059.0
008 230829b1956 |||||||| |||| 00| 0 eng d
040 _aLK-CoMWRAF
_dLK-CoMWRAF
_eLK-CoMWRAF
041 _aeng
082 _a823
_bBRI
100 _aBrinkley, William
245 _aDon't go near the water
260 _aNew York :
_bWiiliam Brinkley,
_c1956
650 _aEnglish Fiction
942 _cBK
999 _c3299
_d3299